| 000 | 00572nam a22001817a 4500 | ||
|---|---|---|---|
| 003 | OSt | ||
| 005 | 20180116183105.0 | ||
| 008 | 170728b xxu||||| |||| 00| 0 eng d | ||
| 020 | _a9780415858687 | ||
| 040 | _c0 | ||
| 082 | _a658.3 THE 2015 | ||
| 100 | _aEdt. Nigel Holden, Snejina Michailova | ||
| 245 |
_aThe Routledge Companion to Cross-Cultural Management _cEdt. Nigel Holden, Snejina Michailova |
||
| 260 |
_aLondon and New York _bRoutledge _c2015 |
||
| 300 |
_a455p. _bHB |
||
| 440 | _aThe Routledge Companion to Cross-Cultural Management | ||
| 942 |
_2ddc _cBK |
||
| 999 |
_c352021 _d352021 |
||